00638nam a22002177a 45000010005000000030006000050050017000110080041000280200018000690400029000870500008001161000019001242450088001432600033002313000049002644900024003135050008003375210029003455210020003747000026003947515FISKH20250722160053.0250722b cb ||||| |||| 00| 0 eng d a9788956355184 aFISKHbengcFISKHdFISKH aPZ7 aSormark, Julie aThe seven ravens /cthrough the Art Style of Alfons Mucha : Retold by Julie Sormark aSeoul : be-future , c2010. a35 pages : bcolor illustrations ;c24 cm .  aArt Classic Stories aK 8 a510 bLexile estimate 8 aK bRaz-Plus  aSoribomeIllustrator